Statistics for Biggest Stadiums in Australia

Click here to take the quiz!

General Stats

  • This quiz has been taken 12 times
  • The average score is 7 of 10

Answer Stats

CapacityAnswer% Correct
100,024Melbourne Cricket Ground
100%
48,000Sydney Cricket Ground
92%
42,000The Gabba
83%
84,000Stadium Australia
67%
60,000Perth Stadium
67%
56,347Docklands Stadium
67%
53,583Adelaide Oval
58%
52,500Lang Park
50%
45,500Sydney Football Stadium
50%
34,000Kardinia Park
25%

Score Distribution

Percentile by Number Answered

Percent of People with Each Score

Your Score History

You have not taken this quiz